| 000 | 00513nam a2200181Ia 4500 | ||
|---|---|---|---|
| 003 | SGT | ||
| 020 | _a9788189866129 | ||
| 082 |
_a621.815 _bJAD |
||
| 100 | _aJadon,V.K | ||
| 245 | _aMachine design data book | ||
| 250 | _a2nd . Ed. | ||
| 260 |
_bI.K. International Publishing House Pvt. Ltd. _aNew Delhi _c2010 |
||
| 300 | _a356p. | ||
| 650 | _aMECHANICAL ENGINEERING | ||
| 653 | _aBASIC DESIGN IN MACHINE ELEMENTS, STRESSES CONCENTRATION AND FATIGUE, SHAFTS | ||
| 700 | _aVerma,Suresh | ||
| 942 |
_2ddc _cBK _015 |
||
| 999 |
_c4949 _d4949 |
||